| 000 | 00673nam a22002537a 4500 | ||
|---|---|---|---|
| 001 | BS2023000575 | ||
| 003 | BR-BrBNA | ||
| 005 | 20231211134021.0 | ||
| 008 | 231208b bl.||||| |||| 00| 0 por d | ||
| 040 |
_aBR-BrBNA _bpor |
||
| 041 | _apor | ||
| 072 | _aS90 | ||
| 100 |
_4aut. _aCamões, Luís de |
||
| 245 |
_aRedondilhas canções sonetos / _cLuís de Camões |
||
| 260 |
_aRio de Janeiro, RJ : _bReal Gabinete Português de Leitura, _c1980. |
||
| 300 | _a433 p. | ||
| 650 | _aREDONDILHAS | ||
| 650 | _aCANÇÕES | ||
| 650 | _aSONETOS | ||
| 856 | _yTexto integral | ||
| 909 |
_a78 _bAna Lívia Fragoso Lopes |
||
| 942 | _cBK | ||
| 999 |
_c259921 _d259921 |
||